Paroles - Pookie (Aya Nakamura) - Statistiques

Statistiques générales
  • Ce quiz a été pris 501 fois
  • Le résultat moyen est 221 sur 334
Statistiques - réponses
Réponse % Correct
d'la
96%
la
96%
96%
pookie
95%
a
94%
dans
94%
le
91%
porte
90%
Ferme
89%
Blah
86%
blah
86%
y
84%
pas
80%
Blah
79%
blah
79%
ça
79%
j'ai
78%
J'ai
78%
J't'ai
78%
tu
75%
l'sas
74%
Toi
74%
toi
74%
J't'ai
73%
joue
70%
va
70%
gang
69%
je
69%
J'suis
69%
allô
68%
bang
68%
ne
68%
Bébé
67%
bébé
67%
bon
66%
Million
66%
du
65%
sale
65%
t'es
65%
d'dollars
64%
qu'à
64%
t'as
63%
vu
63%
depuis
62%
longtemps
62%
veut
61%
Ah
60%
ah
60%
un
59%
nous
58%
vaux
58%
pour
57%
Pour
57%
Boy
56%
boy
56%
Entre
56%
faire
56%
planer
56%
seum
56%
boca
55%
fossé
55%
mala
55%
les
53%
Ces
52%
game
51%
hors
51%
l'side
51%
ouais
51%
sens
49%
comme
48%
qu'c'est
48%
besoin
47%
c'est
47%
l'sas
45%
mecs
44%
Bye
43%
bye
43%
ding
43%
dong
42%
fais
42%
trop
42%
des
39%
d'la
39%
grave
39%
Oh
39%
bails
38%
d'bails
38%
d'efforts
37%
fort
36%
l'heure
36%
J'crois
34%
l'time
32%
claquer
31%
chaud
28%
pipelettes
26%
barré
24%
bons
21%
là-haut
20%
crac
18%
quer-cra
17%
bails-là
12%
Tacler
11%
pépètes
8%
Aucun quiz correspondant
Distribution des résultats
% des personnes avec chaque résultat
Percentile par nombre de réponses
Votre historique - résultats
Vous n’avez pas pris ce quiz